<?xml version="1.0" encoding="UTF-8"?>
<record
    xmlns:xsi="http://www.w3.org/2001/XMLSchema-instance"
    xsi:schemaLocation="http://www.loc.gov/MARC21/slim http://www.loc.gov/standards/marcxml/schema/MARC21slim.xsd"
    xmlns="http://www.loc.gov/MARC21/slim">

  <leader>02538nam a2200397 a 4500</leader>
  <controlfield tag="001">Z_5072</controlfield>
  <controlfield tag="003">CHAP</controlfield>
  <controlfield tag="005">20250411142615.0</controlfield>
  <controlfield tag="007">ta</controlfield>
  <controlfield tag="008">220113s1991    mx ad  fr     001 0 s   d</controlfield>
  <datafield tag="010" ind1=" " ind2=" ">
    <subfield code="a">168129</subfield>
  </datafield>
  <datafield tag="020" ind1=" " ind2=" ">
    <subfield code="a">968-24-2732-0</subfield>
  </datafield>
  <datafield tag="040" ind1=" " ind2=" ">
    <subfield code="a">Z</subfield>
    <subfield code="c">CHAP</subfield>
    <subfield code="e">rda</subfield>
  </datafield>
  <datafield tag="041" ind1="0" ind2=" ">
    <subfield code="b">Espa&#xF1;ol</subfield>
    <subfield code="f">Espa&#xF1;ol</subfield>
  </datafield>
  <datafield tag="082" ind1=" " ind2=" ">
    <subfield code="a">636.51 </subfield>
    <subfield code="b">Q56 1991</subfield>
    <subfield code="2">20</subfield>
  </datafield>
  <datafield tag="100" ind1="1" ind2=" ">
    <subfield code="a">Quintana, Jos&#xE9; Antonio</subfield>
    <subfield code="9">93383</subfield>
    <subfield code="e">autor</subfield>
  </datafield>
  <datafield tag="245" ind1="1" ind2="0">
    <subfield code="a">Avitecnia :</subfield>
    <subfield code="b">manejo de las aves dom&#xE9;sticas m&#xE1;s comunes /</subfield>
    <subfield code="c">Jos&#xE9; Antonio Quintana</subfield>
  </datafield>
  <datafield tag="250" ind1=" " ind2=" ">
    <subfield code="a">Segunda edici&#xF3;n</subfield>
  </datafield>
  <datafield tag="264" ind1=" " ind2="1">
    <subfield code="a">M&#xE9;xico, D. F. :</subfield>
    <subfield code="b">Trillas,</subfield>
    <subfield code="c">1991</subfield>
  </datafield>
  <datafield tag="300" ind1=" " ind2=" ">
    <subfield code="a">305 p&#xE1;ginas :</subfield>
    <subfield code="b">ilustraciones, gr&#xE1;ficas, tablas</subfield>
  </datafield>
  <datafield tag="336" ind1=" " ind2=" ">
    <subfield code="2">rdacontent</subfield>
    <subfield code="a">texto</subfield>
    <subfield code="b">txt</subfield>
  </datafield>
  <datafield tag="337" ind1=" " ind2=" ">
    <subfield code="2">rdamedia</subfield>
    <subfield code="a">sin medio</subfield>
    <subfield code="b">n</subfield>
  </datafield>
  <datafield tag="338" ind1=" " ind2=" ">
    <subfield code="2">rdacarrier</subfield>
    <subfield code="a">volumen</subfield>
    <subfield code="b">nc</subfield>
  </datafield>
  <datafield tag="500" ind1=" " ind2=" ">
    <subfield code="a">ej.1 - ej.2: C/E</subfield>
  </datafield>
  <datafield tag="504" ind1=" " ind2=" ">
    <subfield code="a">Incluye bibliograf&#xED;a</subfield>
  </datafield>
  <datafield tag="505" ind1="0" ind2=" ">
    <subfield code="a">Pr&#xF3;logo -- Cap. 1. Sistemas de registro -- Cap. 2. Controles de producci&#xF3;n -- Cap. 3. El ambiente en las casetas para aves -- Cap. 4. Programas de iluminaci&#xF3;n en las aves -- Cap. 5. Selecci&#xF3;n de las aves -- Cap. 6. Control del canibalismo en las aves -- Cap. 7. Sistemas de crianza -- Cap. 8. Sistemas de repoblaci&#xF3;n de granjas av&#xED;colas -- Cap. 9. Programas de pelechas forzadas -- Cap. 10. Manejo del huevo -- Cap. 11. Reproducci&#xF3;n -- Cap. 12. Incubaci&#xF3;n -- Cap. 13. Sistemas de restricci&#xF3;n alimenticia -- Ap&#xE9;ndice A. Meleagricultura -- Ap&#xE9;ndice B. Coturnicultura -- Ap&#xE9;ndice C. Anacultura -- Ap&#xE9;ndice D. Ansericultura, fasianicultura, numidicultura, columbicultura y perdicultura. </subfield>
  </datafield>
  <datafield tag="520" ind1=" " ind2=" ">
    <subfield code="a">Quienes se dedican a la avicultura con fines comerciales o de autoconsumo, persiguen un objetivo com&#xFA;n, optimizar la producci&#xF3;n de carne y de huevo. Lograrlo no es tarea f&#xE1;cil, para ello es necesario crear y adoptar nuevos m&#xE9;todos en la crianza y producci&#xF3;n de aves, as&#xED; como conocer los avances que han ocurrido en este campo, tanto en gen&#xE9;tica como en nutrici&#xF3;n. En Avitecnia el autor describe de manera precisa y sistematizada las ventajas y desventajas de los distintos m&#xE9;todos de manejo av&#xED;cola, alojamiento, control de alimentaci&#xF3;n , reproducci&#xF3;n, etc. a fin de integrar una gu&#xED;a que sea de utilidad pr&#xE1;ctica para estudiantes de veterinaria y para aquellos que trabajan en la producci&#xF3;n av&#xED;cola. </subfield>
  </datafield>
  <datafield tag="650" ind1="1" ind2="3">
    <subfield code="a">Aves de corral</subfield>
    <subfield code="9">8636</subfield>
  </datafield>
  <datafield tag="650" ind1="1" ind2="3">
    <subfield code="a">Avicultura</subfield>
    <subfield code="9">8703</subfield>
  </datafield>
  <datafield tag="650" ind1="1" ind2="3">
    <subfield code="a">Producci&#xF3;n av&#xED;cola</subfield>
    <subfield code="9">140105</subfield>
  </datafield>
  <datafield tag="650" ind1="1" ind2="3">
    <subfield code="a">Productos av&#xED;colas</subfield>
    <subfield code="9">92050</subfield>
  </datafield>
  <datafield tag="901" ind1=" " ind2=" ">
    <subfield code="a">636.51 Q56 1991</subfield>
  </datafield>
  <datafield tag="902" ind1=" " ind2=" ">
    <subfield code="a">A</subfield>
  </datafield>
  <datafield tag="910" ind1=" " ind2=" ">
    <subfield code="a">1991</subfield>
  </datafield>
  <datafield tag="942" ind1=" " ind2=" ">
    <subfield code="c">LIBRO</subfield>
    <subfield code="2">ddc</subfield>
  </datafield>
  <datafield tag="999" ind1=" " ind2=" ">
    <subfield code="c">168129</subfield>
    <subfield code="d">168129</subfield>
  </datafield>
  <datafield tag="952" ind1=" " ind2=" ">
    <subfield code="0">0</subfield>
    <subfield code="1">0</subfield>
    <subfield code="2">ddc</subfield>
    <subfield code="4">0</subfield>
    <subfield code="5">1</subfield>
    <subfield code="7">0</subfield>
    <subfield code="8">GRAL</subfield>
    <subfield code="a">Z</subfield>
    <subfield code="b">Z</subfield>
    <subfield code="d">1995-08-08</subfield>
    <subfield code="e">Compra</subfield>
    <subfield code="i">C/E</subfield>
    <subfield code="l">0</subfield>
    <subfield code="o">636.51 Q56 1991</subfield>
    <subfield code="p">5102007541</subfield>
    <subfield code="r">2025-04-10 15:48:45</subfield>
    <subfield code="t">Ej.1</subfield>
    <subfield code="w">2025-04-10</subfield>
    <subfield code="y">LIBRO</subfield>
  </datafield>
  <datafield tag="952" ind1=" " ind2=" ">
    <subfield code="0">0</subfield>
    <subfield code="1">0</subfield>
    <subfield code="2">ddc</subfield>
    <subfield code="4">0</subfield>
    <subfield code="5">1</subfield>
    <subfield code="7">0</subfield>
    <subfield code="8">GRAL</subfield>
    <subfield code="a">Z</subfield>
    <subfield code="b">Z</subfield>
    <subfield code="d">1995-08-08</subfield>
    <subfield code="e">Compra</subfield>
    <subfield code="i">C/E</subfield>
    <subfield code="l">0</subfield>
    <subfield code="o">636.51 Q56 1991</subfield>
    <subfield code="p">5102007542</subfield>
    <subfield code="r">2025-04-10 15:48:45</subfield>
    <subfield code="t">Ej.2</subfield>
    <subfield code="w">2025-04-10</subfield>
    <subfield code="y">LIBRO</subfield>
  </datafield>
</record>
